000 00769nam a2200205Ii 4500
003 JO-AjNU
008 230605s9999||||xx |||||||||||||| ||und||
040 _aJO-AjNU
_bara
_erda
_cJO-AjNU
041 _aara
050 1 4 _aBP173.758.B35 2010
100 3 _aالبنك الاسلامي الاردني,
_eauthor
_950833
245 0 0 _aالفتاوى الشرعية، ج2
264 3 1 _aعمان: البنك الاسلامي الاردني، 2010
300 _aج2، 68ص
336 _atext
_btxt
_2rdacontent
337 _aunmediated
_bn
_2rdamedia
338 _avolume
_bnc
_2rdacarrier
490 0 _aنشرة اعلامية رقم 6
650 4 _aالبنوك الاسلامية- المعاملات- الفقه الاسلامي- الاقتصاد الاسلامي
_950834
999 _aA22416
_c25984
_d25984